Trans bodies, trans selves : a resource for the transgender community /

Gorde:
Xehetasun bibliografikoak
Beste egile batzuk: Erickson-Schroth, Laura
Formatua: Liburua
Hizkuntza:ingelesa
Argitaratua: Oxford ; New York : Oxford University Press, 2014
Etiketak: Etiketa erantsi
Etiketarik gabe, Izan zaitez lehena erregistro honi etiketa jartzen!

MARC

LEADER 00000nam a22000007i 4500
001 IT\ICCU\UBO\4131568
003 ItRI
005 20260115231959.0
008 150409s2014 xxu|||||| ||||| |||||c
020 |a 9780199325351 (pbk) 
040 |b ita  |c importazione bologna sebina 
041 7 |a eng  |2 ISO-639-2 
245 0 0 |a Trans bodies, trans selves :  |b a resource for the transgender community /  |c edited by Laura Erickson-Schroth. 
260 |a Oxford ;  |a New York :  |b Oxford University Press,  |c 2014 
300 |a xxi, 649 p. :  |b ill. ;  |c 28 cm 
700 1 |a Erickson-Schroth, Laura  |0 IT\ICCU\UBOV\417319 
942 |2 ddc  |c BK  |n 0 
952 |0 0  |1 0  |4 0  |6 T_306_768000000000000_ERI  |7 0  |9 18450  |a BO  |b BO  |d 2026-01-15  |i 17501  |l 0  |o T 306.768 ERI  |p BO17501  |r 2026-01-15 23:19:59  |w 2026-01-15  |x [Sebina 7] [1 v.]  |y BK  |z 1 v. 
999 |c 15614  |d 15614